Miracle Musical - Murders (all lyrics) - Statistics

General Stats
  • This quiz has been taken 6 times
  • The average score is 191 of 254
Answer Stats
Answer % Correct
a
100%
for
100%
I
100%
in
100%
In
100%
no
100%
the
100%
(the
100%
to
100%
was
100%
be
83%
broke
83%
But
83%
Erlking
83%
fell
83%
forest
83%
found
83%
girl
83%
He
83%
light
83%
looking
83%
Looking
83%
lover)
83%
none
83%
not
83%
picnic
83%
see
83%
She
83%
there
83%
They
83%
they
83%
Tree
83%
trees
83%
we
83%
were
83%
white
83%
who
83%
wood
83%
above
67%
All
67%
all
67%
and
67%
around
67%
at
67%
bees
67%
below
67%
birds
67%
Buzzing
67%
came
67%
clearing
67%
day
67%
do
67%
falling,
67%
fear
67%
Finally
67%
find
67%
flowers
67%
fountain
67%
ground
67%
hear
67%
her
67%
him
67%
How
67%
it
67%
leaves
67%
living
67%
middle
67%
mirror
67%
murderers
67%
Murders
67%
night
67%
nobody
67%
nothing
67%
of
67%
on
67%
one
67%
Or
67%
Shadow
67%
something
67%
Then
67%
twilight
67%
what
67%
With
67%
words
67%
arrived
50%
bears
50%
black
50%
dare?
50%
darker
50%
Deeper
50%
did
50%
forgot
50%
Gamboling
50%
garden
50%
hate
50%
hearing
50%
infinite
50%
knew
50%
me,
50%
me
50%
Oblivious
50%
oh,
50%
out
50%
Owls
50%
remembered
50%
rot
50%
Soon
50%
terrors
50%
Wait,
50%
watch
50%
would
50%
Coveting
33%
crept
33%
Solemn
33%
Sound
33%
thought
33%
Wearying
33%
Woe,
33%
easily
17%
indescreetly
17%
Shown
17%
wise
17%
muderers
0%
No matching quizzes found
Score Distribution
Percent of People with Each Score
Percentile by Number Answered
Your Score History
You have not taken this quiz